100 វិទ្យាសាស្រ្តអភិវត្តន៍ពិភពលោក / (Record no. 1726)
[ view plain ]
| 000 -LEADER | |
|---|---|
| fixed length control field | 03558nam a22003257a 4500 |
| 001 - CONTROL NUMBER | |
| control field | 1726 |
| 003 - CONTROL NUMBER IDENTIFIER | |
| control field | FISKH |
| 005 - DATE AND TIME OF LATEST TRANSACTION | |
| control field | 20251124122247.0 |
| 008 - FIXED-LENGTH DATA ELEMENTS--GENERAL INFORMATION | |
| fixed length control field | 230920b cb ||||| |||| 00| 0 khr d |
| 020 ## - INTERNATIONAL STANDARD BOOK NUMBER | |
| International Standard Book Number | 9789996305818 |
| 040 ## - CATALOGING SOURCE | |
| Original cataloging agency | FISKH |
| Language of cataloging | eng |
| Transcribing agency | FISKH |
| Modifying agency | FISKH |
| 082 ## - DEWEY DECIMAL CLASSIFICATION NUMBER | |
| Classification number | 509.031 |
| 100 ## - MAIN ENTRY--PERSONAL NAME | |
| Personal name | Tae-kwan, Kim |
| 245 ## - TITLE STATEMENT | |
| Title | 100 វិទ្យាសាស្រ្តអភិវត្តន៍ពិភពលោក / |
| Remainder of title | ពីការប្រើប្រាស់ភ្លើង រហូតដល់បដិវត្តន៍ផ្នែកវិទ្យាសាស្រ្តសតវត្សទី 16 : |
| Statement of responsibility, etc. | និពន្ធដោយ គីម ថែខ្វាន់ និង អ៊ីម ហ្យងវុក - គូររូបដោយ មុន ផ្សងយុន - បកប្រែពីភាសាថៃដោយ វ៉ា សុវណ្ណរដ្ឋ |
| 250 ## - EDITION STATEMENT | |
| Edition statement | បោះពុម្ពលើកទី៤ មេសា ២០២២ |
| 260 ## - PUBLICATION, DISTRIBUTION, ETC. | |
| Place of publication, distribution, etc. | Phnom Penh : |
| Name of publisher, distributor, etc. | Sipar, |
| Date of publication, distribution, etc. | 2022. |
| 300 ## - PHYSICAL DESCRIPTION | |
| Extent | 105 pages : |
| Other physical details | color illustrations ; |
| Dimensions | 23 cm |
| 490 ## - SERIES STATEMENT | |
| Series statement | ខ្ញុំចង់ដឹង |
| Volume/sequential designation | 1 |
| 505 ## - FORMATTED CONTENTS NOTE | |
| Formatted contents note | Z'<br/> |
| 520 ## - SUMMARY, ETC. | |
| Summary, etc. | សៀវភៅនេះនឹងណែនាំអ្នកឱ្យស្វែងយល់អំពីប្រវត្តិសាស្ត្រវិទ្យាសាស្ត្រជាមួយរូបភាពកំប្លែងតាមកាលប្បវត្តិដោយការសន្ទនាដ៏ទាក់ទាញរវាងលោក អែងស្តែង អ្នករូបវិទ្យាលេខ ១ នៃសតវត្សរ៍ទី ២០ និងអ្នកសិក្សាវ័យក្មេងពីររូបគឺ អ៊ូចូវ និង ផូរ៉ា។ ការបង្កើតឧបករណ៍ ទ្រឹស្តីបទវិទ្យាសាស្ត្រ ការពិសោធន៍... នឹងពន្យល់យ៉ាងសាមញ្ញជាមួយនឹងរូបភាពចម្រុះពណ៌ និងទាក់ទាញ ដែលអាចសិក្សាបន្ថែមអំពីវិទ្យាសាស្ត្រ។ នៅក្នុងភាគទី 1 មានហេតុការណ៍ចំនួន 17 (ក្នុងចំណោម 100 ហេតុការណ៍នៃការអភិវឌ្ឍន៍ពិភពលោក) ដែលបានចុះបញ្ជីតាំងពីបុរេប្រវត្តិ (សម័យដើម) រហូតដល់ការរកឃើញរបស់ Leonardo da Vinci ហើយផ្នែកនីមួយៗបានបង្ហាញអំពីអ្វីដែលឈុតត្រូវបានបង្កើតឡើង និងរបៀបដែលវាបានផ្លាស់ប្តូរពិភពលោក។ |
| 520 ## - SUMMARY, ETC. | |
| Summary, etc. | The history of science portrayed through comics illustrates dialog with famous scientists such as Einstein, Leonardo da Vinci and fictitious learners who explore the stories of science. |
| 521 8# - TARGET AUDIENCE NOTE | |
| Target audience note | 1060<br/> |
| Source | Lexile estimate<br/> |
| 521 8# - TARGET AUDIENCE NOTE | |
| Target audience note | Z'<br/> |
| Source | Raz-Plus<br/> |
| 650 ## - SUBJECT ADDED ENTRY--TOPICAL TERM | |
| Topical term or geographic name entry element | វិទ្យាសាស្រ្ត |
| Form subdivision | ប្រវត្តសាស្រ្ត |
| General subdivision | បទពិសោធន៍ |
| Chronological subdivision | ការអភិវឌ្ឍន៍ |
| 650 ## - SUBJECT ADDED ENTRY--TOPICAL TERM | |
| Topical term or geographic name entry element | Science |
| Form subdivision | History |
| General subdivision | Experiment |
| Chronological subdivision | Development |
| 700 ## - ADDED ENTRY--PERSONAL NAME | |
| Personal name | Hyeong-wook, Im |
| Relator term | Author |
| 700 ## - ADDED ENTRY--PERSONAL NAME | |
| Personal name | Sung-hun, Jung |
| Relator term | illustrator |
| 700 ## - ADDED ENTRY--PERSONAL NAME | |
| Personal name | Sovannrath, Va |
| Relator term | Translator |
| 942 ## - ADDED ENTRY ELEMENTS (KOHA) | |
| Source of classification or shelving scheme | Dewey Decimal Classification |
| Koha item type | Khmer Books |
| Suppress in OPAC | No |
| Withdrawn status | Lost status | Source of classification or shelving scheme | Damaged status | Not for loan | Collection | Home library | Current library | Shelving location | Date acquired | Total Checkouts | Full call number | Barcode | Date last seen | Date last checked out | Copy number | Price effective from | Koha item type |
|---|---|---|---|---|---|---|---|---|---|---|---|---|---|---|---|---|---|
| Dewey Decimal Classification | Khmer Non-Fiction / សៀវភៅខ្មែរ រឿងពិត | Footprints International School Library Network Toul Kork Campus | Footprints International School Library Network Toul Kork Campus | 09/21/2023 | 1 | TAE 509.031 | 2023-0681 | 02/02/2026 | 01/05/2026 | 1 | 09/21/2023 | Khmer Books | |||||
| Dewey Decimal Classification | Khmer Non-Fiction / សៀវភៅខ្មែរ រឿងពិត | Footprints International School Library Network Toul Kork Campus | Footprints International School Library Network Toul Kork Campus | 09/21/2023 | TAE 509.031 | 2023-0682 | 09/21/2023 | 2 | 09/21/2023 | Khmer Books | |||||||
| Dewey Decimal Classification | Khmer Non-Fiction / សៀវភៅខ្មែរ រឿងពិត | Footprints International School Library Network Toul Kork Campus | Footprints International School Library Network Toul Kork Campus | 09/21/2023 | TAE 509.031 | FISTK05111 | 09/27/2023 | 3 | 09/21/2023 | Khmer Books | |||||||
| Dewey Decimal Classification | Khmer Non-Fiction / សៀវភៅខ្មែរ រឿងពិត | Footprints International School Library Network Toul Tom Poung Campus | Footprints International School Library Network Toul Tom Poung Campus | TTP Secondary Khmer Bookshelves | 08/13/2025 | TAE 509.031 | FISSE01560 | 08/13/2025 | 4 | 08/13/2025 | Khmer Books | ||||||
| Dewey Decimal Classification | Khmer Non-Fiction / សៀវភៅខ្មែរ រឿងពិត | Footprints International School Library Network Toul Tom Poung Campus | Footprints International School Library Network Toul Tom Poung Campus | TTP Secondary Khmer Bookshelves | 08/13/2025 | TAE 509.031 | FIS05153 | 08/13/2025 | 5 | 08/13/2025 | Khmer Books |
